| 000 | 00991nam a22002657a 4500 | ||
|---|---|---|---|
| 999 |
_c2561 _d2561 |
||
| 003 | AR-CdUCM | ||
| 008 | 190304b ||||| |||| 00| 0 spa d | ||
| 020 | _a84-7367-08-6 | ||
| 040 |
_aMUNICIPALIDAD PROVINCIAL DEL CUSCO _cBIBLIOTECA MUNICIPAL DEL CUSCO |
||
| 041 | _hfre | ||
| 082 |
_a333.1 / _bG729 |
||
| 100 |
_aGrac, P. _99056 |
||
| 245 | _aLa cuestión agraria y campesina / | ||
| 260 |
_aBarcelona : _bFontamara, _c1979. |
||
| 300 |
_a96 paginas ; _c17 cm. |
||
| 505 | _aLa estructura agraria : terreno predilecto de la producción ideológica -- La violencia en la reforma agraria -- La amplitud de la reforma agraria -- Una reforma agraria Lograda -- El problema del campesino en la formación social... | ||
| 650 |
_aReforma agraria _91861 |
||
| 650 |
_aEl campesinado _99057 |
||
| 650 |
_aEl proletariado _94374 |
||
| 700 |
_aArdling, G. _99058 |
||
| 700 |
_aCavailhes, J _99059 |
||
| 700 |
_aOlcina Aya, Emilio (Traductor) _99060 |
||
| 942 |
_2ddc _cLIBROS |
||
| 945 | _awnts | ||